| 000 | 01497nam a2200433 i 4500 | ||
|---|---|---|---|
| 001 | 2665 | ||
| 003 | KOSZ 005 | ||
| 005 | 20200630132816.0 | ||
| 008 | 981103s1985 pl f |000 0 pol | ||
| 015 | _aPB 1986/768 | ||
| 020 | _a8301063734 | ||
| 035 | _a991007531959705066 | ||
| 035 | _a(PL-WaBN)b11953688-48omnis_nlop | ||
| 035 | _ab11953688 | ||
| 035 | _a(OCoLC)835890915 | ||
| 035 | _a(PL)b0000001195368 | ||
| 035 | _a(EXLNZ-48OMNIS_NETWORK)9910180806305606 | ||
| 040 |
_aWA N _cWA N _dKOSZ 005/EC |
||
| 041 | 0 | _apol | |
| 046 | _k1985 | ||
| 080 | _a342.9(438)"19" | ||
| 080 | _a(075.8) | ||
| 245 | 0 | 0 |
_aPrawo administracyjne : _bfunkcjonowanie układów podstawowych : [skrypt przeznaczony dla studentów wydziału prawa i administracji] / _cpod red. Tadeusza Kuty ; [aut. Jan Boć et al.]. |
| 260 |
_aWarszawa : _bPaństwowe Wydawnictwo Naukowe, _c1985 _e(Pozn : _fUAM). |
||
| 300 |
_a242, [1] s. ; _c24 cm. |
||
| 380 | _aKsiążki | ||
| 388 | _a1901-2000 | ||
| 388 | _a1945-1989 | ||
| 658 | 4 | _aPrawo i wymiar sprawiedliwości | |
| 655 | 4 | _aPodręczniki akademickie | |
| 651 | _aPolska | ||
| 650 | 4 | _aPrawo administracyjne | |
| 700 | 1 |
_aBoć, Jan _d(1939-2017) _eAutor |
|
| 700 | 1 |
_aKuta, Tadeusz _d(1916-2004). _eRedakcja |
|
| 710 |
_aPaństwowe Wydawnictwo Naukowe _4pbl. |
||
| 856 |
_uhttp://koha.tu.koszalin.pl/cgi-bin/koha/opac-detail.pl?biblionumber=2665 _yKatalog online BPK |
||
| 942 |
_2UKD _cKS |
||
| 999 |
_c2665 _d2665 |
||